Research Project on National Income in East Central Europe Occasional Papers 1982
Gespeichert in:
| Format: | Buch |
|---|---|
| Sprache: | Englisch |
| Veröffentlicht: |
New York
L.W. International Financial Research
1982
|
| Ausgabe: | 1. ed. |
| Schlagworte: | |
| Tags: |
Keine Tags, Fügen Sie das erste Tag hinzu!
|
MARC
| LEADER | 00000nam a2200000 4500 | ||
|---|---|---|---|
| 001 | c016147 | ||
| 005 | 20221207075009.7 | ||
| 041 | 0 | |a eng | |
| 044 | |a US | ||
| 245 | 1 | 0 | |a Research Project on National Income in East Central Europe |b Occasional Papers 1982 |
| 250 | |a 1. ed. | ||
| 264 | 1 | |a New York |b L.W. International Financial Research |c 1982 | |
| 300 | |a [234] s. | ||
| 610 | 2 | 0 | |a rast hospodársky |
| 610 | 2 | 0 | |a situácia hospodárska |
| 610 | 2 | 0 | |a produkt domáci hrubý |
| 610 | 2 | 0 | |a údaje štatistické |
| 610 | 2 | 0 | |a východná Európa |
| 610 | 2 | 0 | |a 1965 |
| 610 | 2 | 0 | |a 1970 |
| 610 | 2 | 0 | |a 1975-1981 |